[Event "Biel-B"]
[Site "Biel"]
[Date "1990.??.??"]
[Round "2"]
[White "D'Amore, Carlo"]
[Black "Costa, Jean Luc"]
[Result "1-0"]
[WhiteElo "2425"]
[BlackElo "2405"]
[Annotator "Horn,Pe"]
[PlyCount "77"]
[EventDate "1990.07.??"]
[EventType "tourn"]
[EventRounds "11"]
[EventCountry "SUI"]
[EventCategory "10"]
[SourceTitle "CBM 019"]
[Source "ChessBase"]
[SourceDate "1990.12.01"]
[SourceVersion "1"]
[SourceVersionDate "1990.12.01"]
[SourceQuality "1"]

1. Nf3 d5 2. g3 c6 3. Bg2 Bg4 4. O-O Nd7 5. d3 e6 6. Nbd2 Bd6 7. e4 Ne7 {
Der Aufbau mit Ne7 statt Nf6 wurde durch Beispiele von Keres aktuell. Die
Flexibilität der schwarzen Stellung hat danach immer ihre Anhänger gefunden.}
8. exd5 cxd5 9. c4 {Der bereits mit 8.exd5 eingeleitete Angriff im Zentrum
scheint mir wenig Erfolg zu versprechen.} O-O 10. cxd5 Nxd5 11. Nc4 Ne5 12.
Ncxe5 Bxe5 13. Qb3 Bf6 (13... Bxf3 14. Bxf3 Qd7 15. Bxd5 Qxd5 16. Qxd5 exd5 $15
) 14. Qxb7 Qd6 {/\ Rfb8} (14... a5 $44) 15. Qb3 Rab8 16. Qa4 Qb4 17. Qxb4 (17.
Qxa7 $4 Ra8) 17... Nxb4 18. Bf4 $1 Rbd8 19. d4 Bxf3 20. Bxf3 Bxd4 $6 (20... Nc2
$5) (20... Nd3 $5) 21. Rad1 Nxa2 $2 (21... Bxb2 $2 22. Bd6 $18) (21... e5 22.
Bd2 $16) 22. Bc7 Rd7 23. Ba5 $1 $18 Rb8 24. Bc6 Rd6 25. Bc7 Rbd8 26. Bxd8 Rxd8
27. Rd2 e5 28. Kg2 Nb4 29. Bb7 g6 30. Rc1 Rd7 31. Bc8 Re7 32. b3 Kg7 33. Kg1 h5
34. h4 a5 35. Rc4 Ba7 36. Rd6 Bd4 37. Rd7 Re6 38. Rdxd4 exd4 39. Bxe6 1-0

[Event "Bundesliga 0203"]
[Site "Germany"]
[Date "2002.12.15"]
[Round "6.3"]
[White "Markowski, Tomasz"]
[Black "Langheinrich, Ferenc"]
[Result "1-0"]
[WhiteElo "2549"]
[BlackElo "2363"]
[Annotator "Horn,Pe"]
[PlyCount "79"]
[EventDate "2002.10.19"]
[EventType "team-tourn"]
[EventRounds "15"]
[EventCountry "GER"]
[SourceTitle "CBM 093"]
[Source "ChessBase"]
[SourceDate "2003.04.01"]
[SourceVersion "1"]
[SourceVersionDate "2003.04.01"]
[SourceQuality "1"]
[WhiteTeam "Plauen"]
[BlackTeam "Godesberg"]
[WhiteTeamCountry "GER"]
[BlackTeamCountry "GER"]

1. g3 d5 2. Nf3 Nf6 3. Bg2 c6 4. O-O Bf5 5. d3 e6 6. Nh4 Bg6 (6... Bg4 7. h3
Bh5 8. Qe1) 7. Nxg6 hxg6 8. Nd2 Nbd7 9. e4 dxe4 $146 (9... Be7 10. exd5 exd5
11. Nb3 Nf8 12. Re1 Ne6 $13 {Galiachmetov,R-Ruf,S/St Petersburg 1992}) 10. Nxe4
{Dies macht insbesondere nach dem Abtausch des Bg6 Sinn: der Bg2 soll nicht
eingeschränkt werden.} Nxe4 11. Bxe4 Bd6 12. Bg2 f5 {Hier und im folgenden
orientiert sich Schwarz auf einen schnellen Angriff gegen den Kg1. Dies ist
eine riskante Strategie.} (12... Qc7) 13. d4 Qf6 14. c4 g5 {[%cal Yf6h6]} (
14... O-O-O) 15. Re1 O-O-O 16. Bd2 g4 $2 ({Auf} 16... Qh6 {sichert} 17. h3 $14
{die Königsstellung.}) ({Die richtige Führung des Angriffs war} 16... f4 $1 {
[%cal Yf6h6]} 17. Bc3 (17. Re4 Qh6 $132) (17. d5 exd5 18. cxd5 Qh6 $132) 17...
Qh6 18. Kf1 Qxh2 $13) 17. d5 $1 $16 cxd5 (17... Ne5 18. Bc3 $16) (17... exd5
18. cxd5 cxd5 (18... c5 19. Re6 $16) 19. Rc1+ $16) 18. cxd5 e5 (18... exd5 19.
Rc1+ Kb8 20. Bg5 Qxg5 21. Qxd5 Nc5 22. Rxc5 Rd7 23. Rb5 $18) 19. Qc1+ $1 $18
Kb8 20. Bg5 Qf7 21. Bxd8 Rxd8 22. Qg5 Rh8 23. Rac1 e4 24. Bxe4 fxe4 25. Rxe4 a6
26. Rc2 Rh5 27. Qxg4 Ne5 28. Rf4 Nxg4 29. Rxf7 Nxh2 30. Kg2 g5 31. Rf6 Be5 32.
Rf5 Bd6 33. Rc4 Ka7 34. b4 a5 35. b5 Bb4 36. a4 Bd6 37. Rf6 Be5 38. Re6 g4 39.
b6+ Ka6 40. Rc8 1-0

[Event "Kecskemet"]
[Site "Kecskemet"]
[Date "1992.??.??"]
[Round "1"]
[White "Weindl, Alfred"]
[Black "Braeuning, Rudolf Wilhelm"]
[Result "0-1"]
[WhiteElo "2365"]
[BlackElo "2415"]
[Annotator "Horn,Pe"]
[PlyCount "72"]
[EventDate "1992.04.??"]
[EventType "tourn"]
[EventRounds "13"]
[EventCountry "HUN"]
[EventCategory "9"]
[SourceTitle "CBM 029"]
[Source "ChessBase"]
[SourceDate "1992.08.01"]
[SourceVersion "1"]
[SourceVersionDate "1992.08.01"]
[SourceQuality "1"]

1. g3 d5 2. Nf3 c6 3. Bg2 Nf6 4. O-O Bf5 5. d3 (5. b3 {/\ Bb2}) 5... h6 6. Nbd2
e6 7. Qe1 Be7 8. e4 Bh7 9. Qe2 O-O 10. Re1 (10. e5 Nfd7 11. Ne1 c5 12. f4 Nc6
13. Ndf3 $13) (10. Kh1 $5 {Gutman}) (10. b3 a5 11. a4 Na6) 10... a5 11. e5 Nfd7
12. h4 (12. Nf1 a4 13. h4 Re8 $10 {Mack-Bischoff, BL 87}) 12... b5 13. Nf1 c5
14. h5 (14. c4 bxc4 15. dxc4 Nb6) 14... Nc6 15. N1h2 Kh8 16. Bf4 $6 (16. Bh3)
16... Rc8 17. g4 $2 (17. Bh3) 17... f5 $1 18. exf6 (18. Qd2 fxg4 19. Nxg4 Qe8
$17 {><h5}) 18... Bxf6 $17 19. c3 (19. Qxe6 Bxb2 $17) 19... Re8 $1 (19... Bxc3
20. bxc3 Rxf4 21. Qxe6 Bxd3 22. Qxd5 $13) 20. Bg3 (20. Qd2 {/\ g5} e5 $17)
20... e5 21. Nd2 Nb6 22. Rad1 b4 23. Nb3 Na4 24. c4 Nd4 25. Nxd4 exd4 26. Qc2 (
26. Qxe8+ Qxe8 27. Rxe8+ Rxe8 28. b3 (28. Bxd5 Nxb2 $19) 28... Nb2 29. Rd2 dxc4
30. Rxb2 (30. dxc4 Re1+ 31. Bf1 d3 $19) 30... Re1+ 31. Bf1 c3 $19) 26... dxc4
27. Qxa4 Rxe1+ 28. Rxe1 cxd3 29. Bb7 d2 30. Rf1 c4 31. Bxc8 Qxc8 32. Bf4 c3 33.
Bxd2 cxd2 34. Qd1 Bd3 35. f3 Bg5 36. f4 Bxf4 (36... Bxf4 37. Rxf4 Qc1 $19) 0-1

[Event "Kecskemet"]
[Site "Kecskemet"]
[Date "1992.??.??"]
[Round "3"]
[White "Weindl, Alfred"]
[Black "Schmidt, Peter"]
[Result "0-1"]
[WhiteElo "2365"]
[BlackElo "2405"]
[Annotator "Horn,Pe"]
[PlyCount "66"]
[EventDate "1992.04.??"]
[EventType "tourn"]
[EventRounds "13"]
[EventCountry "HUN"]
[EventCategory "9"]
[SourceTitle "CBM 029"]
[Source "ChessBase"]
[SourceDate "1992.08.01"]
[SourceVersion "1"]
[SourceVersionDate "1992.08.01"]
[SourceQuality "1"]

1. g3 d5 2. Bg2 e5 3. Nf3 Nc6 4. O-O $6 (4. d3 $10) 4... e4 5. Ne1 Bf5 (5... f5
6. d3 Be6 7. c4 dxc4 8. Nc3 $15 {Hartston-Miles, England 1982}) 6. c4 dxc4 7.
Nc3 Nf6 8. Qa4 Qd7 9. Qxc4 O-O-O 10. d3 $2 (10. Qa4 h5 11. d3 $13) 10... Ne5 (
10... exd3 $2 11. Bxc6 Qxc6 12. Qxc6 bxc6 13. Nxd3 Bxd3 14. exd3 Rxd3 15. Be3
$146) 11. Qb3 Be6 $1 (11... exd3 $4 12. Qxb7#) 12. Qc2 (12. Qb5 Qxb5 13. Nxb5
a6 14. Nc3 exd3 15. exd3 Nxd3 $19) 12... exd3 13. Nxd3 Nxd3 14. exd3 Bh3 $1 (
14... Qxd3 15. Qa4 $146) 15. Bg5 Bxg2 16. Kxg2 h5 $17 {/\ h4} 17. h4 Be7 18.
Rac1 Nd5 19. Nxd5 (19. Bxe7 Qxe7) 19... Qxd5+ 20. Kg1 Rd7 21. Bf4 c6 22. Qa4 a6
23. Rc3 g5 24. hxg5 (24. Bxg5 Bxg5 25. hxg5 h4) 24... h4 25. Rfc1 (25. Qe4 hxg3
) 25... Kd8 26. Qe4 hxg3 27. Bxg3 (27. fxg3 Bxg5) 27... Bxg5 28. Qxd5 Rxd5 29.
Rd1 f5 30. Rc4 Kd7 31. Kg2 $2 (31. f4 $17) 31... b5 32. Rc2 f4 33. Bh2 f3+ (
33... f3+ 34. Kg1 (34. Kg3 Bd8 35. Bg1 Rf5 $19) 34... Bf4 35. Bxf4 Rdh5 $19)
0-1

[Event "USA-ARM"]
[Site "Glendale"]
[Date "1994.??.??"]
[Round "4"]
[White "Vaganian, Rafael A"]
[Black "Kaidanov, Gregory S"]
[Result "1-0"]
[WhiteElo "2625"]
[BlackElo "2645"]
[Annotator "Horn,Pe"]
[PlyCount "81"]
[EventDate "1994.05.??"]
[EventType "team"]
[EventRounds "4"]
[EventCountry "USA"]
[SourceTitle "CBM 042"]
[Source "ChessBase"]
[SourceDate "1994.10.01"]
[SourceVersion "1"]
[SourceVersionDate "1994.10.01"]
[SourceQuality "1"]

1. Nf3 d5 2. g3 c6 3. Bg2 Bg4 4. O-O Nd7 5. d3 Ngf6 6. Nbd2 e5 7. e4 Be7 $146 (
7... Bd6 {-> Round 2}) (7... dxe4 8. dxe4 Be7) 8. h3 Bh5 9. Qe1 Qc7 10. Nh4 O-O
11. Nf5 Bc5 12. Nb3 Bb6 13. a4 a5 14. Be3 Rfe8 15. Kh1 dxe4 16. dxe4 Bg6 17.
Bxb6 Nxb6 18. Nh4 (18. Nxa5 Bxf5 (18... Nxa4 19. Rxa4 b6) 19. exf5 e4 $44)
18... Nc4 19. Qc3 b5 (19... Nd6 $14) 20. Rfe1 Qb6 21. Kg1 Red8 (21... Bh5) 22.
Nxg6 hxg6 23. Bf1 Qa6 24. Kg2 (24. Bxc4 bxc4 25. Nd2 Rd4) 24... Nd7 25. Red1 {
/\ Rxd7} Ndb6 26. Nc5 Qc8 27. b3 b4 28. Qe1 Na3 $2 (28... Nd6 $14) 29. Rac1
Rxd1 (29... Nd7 30. Nxd7 Rxd7 31. c3) 30. Qxd1 Qf8 31. Nd3 Rd8 32. c3 c5 33.
cxb4 cxb4 34. Rc6 Rd6 35. Qc1 f6 36. Qc5 Rxc6 37. Qxc6 Qd8 38. Nc5 $18 Nb1 39.
Ne6 Qb8 40. Ba6 Qa8 (40... Nd2 41. Bb7 $18) 41. Qc7 1-0

[Event "St Petersburg op"]
[Site "St Petersburg"]
[Date "1994.??.??"]
[Round "2"]
[White "Karasev, Vladimir I"]
[Black "Zarubin, Pavel"]
[Result "1-0"]
[WhiteElo "2405"]
[BlackElo "2410"]
[Annotator "Horn,Pe"]
[PlyCount "195"]
[EventDate "1994.02.??"]
[EventType "swiss"]
[EventRounds "9"]
[EventCountry "RUS"]
[SourceTitle "CBM 041"]
[Source "ChessBase"]
[SourceDate "1994.08.01"]
[SourceVersion "1"]
[SourceVersionDate "1994.08.01"]
[SourceQuality "1"]

1. Nf3 d5 2. g3 c6 3. Bg2 Bg4 4. h3 Bh5 5. O-O Nd7 6. d3 e6 7. Nbd2 (7. e4 Bd6
8. Qe2 Ne7 9. g4 Bg6 10. Nh4 f6 11. Nxg6 hxg6 12. d4 Qc7 13. c4 dxc4 14. Qxc4
e5 15. dxe5 Nxe5 16. Qe6 Qd7 17. Qxd7+ Kxd7 $15 {Schweber-Van Riemsdijk/San
Martin/1991}) 7... Bd6 8. b3 (8. e4 Ne7 9. Qe1 (9. d4 O-O 10. c4 (10. c3 Bc7
11. Re1 Re8 12. Qb3 Bb6 $10 {Smejkal-Chernin/New York op/1988}) 10... c5 11.
cxd5 exd5 12. exd5 Nxd5 13. Ne4 Be7 14. Qb3 N5b6 15. dxc5 Nxc5 16. Nxc5 Bxc5
17. Bg5 Qd5 18. Qxd5 Nxd5 19. Rac1 $16 {Sunye Neto-Van Riemsdijk/Sao Paulo zt/
1993}) (9. Re1 O-O 10. g4 (10. Qe2 {->9.Qe2}) (10. c3 Re8 11. Qc2 e5 12. Nf1 f6
13. Ne3 Bf7 14. Nh4 a5 15. Qe2 Nc5 16. Rd1 Qd7 17. Nef5 {remis/
Dzindzichashvili-Novikov/New York op/1991}) 10... Bg6 11. e5 Bc7 12. Nf1 c5 13.
Bg5 Qe8 14. Bh4 Nc6 15. Bg3 Qb8 16. Qe2 a5 17. h4 f6 18. exf6 Nxf6 19. h5 Bf7
20. Ng5 Bxg3 21. fxg3 h6 22. Nxf7 Rxf7 23. c3 Re7 $13 {Ljubojevic-Illescas
Cordoba/Linares m/1993}) (9. Qe2 O-O (9... Qc7 $6 10. b3 O-O-O $6 11. Bb2 f6
12. c4 $16 {Kochiev-Lukashkin/Leningrad/1973}) 10. Re1 (10. g4 Bg6 11. Nh4 (11.
e5 $6 Bc7 12. c3 $6 c5 13. d4 Nc6 14. dxc5 Nxc5 $17 {Rodic Kures-Micic/JUG-chW/
1990}) 11... Qc7 12. Ndf3 Rae8 13. Bd2 f6 14. Nxg6 Nxg6 15. Rae1 Bf4 $15 {
Korzubov-Budnikov/URS-ch/1991}) 10... Re8 (10... Kh8 11. d4 Rc8 12. c4 c5 13.
cxd5 exd5 14. e5 Bb8 15. e6 $2 fxe6 16. Qxe6 Re8 17. dxc5 Nxc5 18. Qe2 Nc6 $17
{D.Byrne-Smyslov/Lugano/1968}) (10... Qc7 11. c3 f6 12. exd5 exd5 13. Qf1 Rfe8
14. Nd4 Nf8 15. N2f3 Qd7 $10 {Todorcevic-Blagojevic/JUG-chT/1993}) 11. g4 Bg6
12. e5 Bc7 13. Nf1 c5 {Weindl-Chernin/Lugano op/1989} 14. Ng3 Nc6 15. h4 h6 $13
) (9. exd5 cxd5 10. c4 O-O 11. d4 (11. cxd5 Nxd5) 11... Nc6 12. cxd5 exd5 13.
Nb1 $10 {D'Amore-Winants/Haifa/1989}) (9. Nb3 Ne5 10. Qe2 Bxf3 11. Bxf3 Nxf3+
12. Qxf3 O-O 13. Kg2 dxe4 14. dxe4 e5 15. Rd1 Qc7 16. Be3 $36 {
Damljanovic-Kosic/JUG-ch/1990}) 9... O-O 10. Nh4 (10. a4 $6 Qc7 11. d4 f6 12.
b3 Rae8 $132 {McNab-Motwani/Blackpool zt/1990}) (10. e5 Bc7 11. g4 (11. b3 Qb8
12. Bb2 c5 13. c4 $2 (13. g4 Bg6 14. Qe2 Nc6 15. Rfe1 d4 {><e5}) 13... Bg6 14.
Qe2 d4 $17 {Klauser-Domont/SWZ-ch/1990}) 11... Bg6 12. b3 c5 13. Bb2 Nc6 14.
Qe2 Qe7 (14... Qb8 $5) 15. a3 b5 16. c4 bxc4 17. dxc4 Rab8 $132 {
Hodgson-Shirov/Hastings/1991}) (10. Kh1 Re8 (10... Qc7 $5) (10... e5 11. d4
exd4 12. e5 Bc7 13. e6 Nc5 14. exf7+ Rxf7 15. Ng5 Rf6 16. b4 Na6 17. Nb3 Qd6
$17 {Rechel-Sher/Anapa/1991}) (10... Kh8 11. a3 c5 12. Ng1 f6 13. f4 Bf7 14.
Ndf3 Rc8 15. Ne2 c4 $13 {Geveke-Kalka/BL/1992}) (10... Bc7 11. a3 a5 12. b3 a4
$6 13. b4 Re8 14. Bb2 f6 15. e5 Bxf3 16. Nxf3 f5 17. Nd4 $14 {
Schettler-Lingnau/Dortmund/1992}) 11. Nh4 g5 12. Nhf3 h6 13. h4 Ng6 14. hxg5
hxg5 15. Nb3 g4 16. Nh2 f5 17. f4 $13 {Geveke-H.Franke/BL/1990}) (10. Nh2 e5
11. Kh1 Qc7 12. Ndf3 b5 13. Nh4 f6 14. Ng4 d4 15. f4 c5 $13 {Kempys-Jaracz/
Polen/1991}) (10. b3 Re8 (10... Qc7 11. Bb2 e5 12. g4 Bg6 13. Nh4 dxe4 14. Nxe4
Nd5 15. Nxg6 hxg6 $132 {Tregubov-Raeckiy/Katowice op/1992}) 11. Bb2 e5 12. Kh1
a5 13. a3 dxe4 14. dxe4 b5 15. Nh4 Qc7 16. Nf5 $13 {Holst-Rasmussen/DEN-ch/1991
}) 10... Qc7 (10... Kh8 $5 11. f4 f5 {Keres}) (10... Ng6 11. Nxg6 Bxg6 12. f4
Re8 13. e5 Bf8 14. Nf3 h6 15. g4 c5 16. Qg3 $13 {Lazic-Gostisa/Kladovo/1990}) (
10... Qb8 11. f4 f5 (11... g5 $6) 12. exd5 exd5 13. Ndf3 Re8 14. Qf2 Bc5 15.
Be3 Bxe3 16. Qxe3 Ng6 17. Qd4 $16 {Lazic-Dzevlan/JUG-ch/1991}) 11. Nb3 (11. f4
$5 g5 $13) (11. Kh1 f5 12. exf5 exf5 13. f4 g5 14. Nhf3 (14. fxg5 Bxg3 15. Qxe7
Bxh4) 14... gxf4 15. gxf4 Ng6 $17 {B.Schmidt-von Gleich/2.BLW/1991}) (11. d4
Ng6 $132 {Langeweg-Keres/Amsterdam/1971}) 11... dxe4 12. dxe4 f6 13. Be3 a5 14.
Qd2 Rfd8 15. Nd4 Nf8 16. Qc3 Bf7 17. a3 Nd7 18. Rfd1 $14 {Lazic-Blagojevic/
JUG-chT/1993}) (8. c4 Ne7 9. d4 f5 $15 {Benkö-Ivkov/Palma de Mallorca/1968})
8... Ne7 9. Bb2 f6 (9... O-O $1 10. e4 (10. e3 h6 11. Qe2 Qc7 12. g4 Bg6 13.
Nh4 e5 14. e4 Bh7 15. Ndf3 Rfe8 16. Kh1 Nf8 17. Nf5 Neg6 $15 {Winants-Kuijf/
Lyon/1990}) (10. c4 a5 (10... f5 $6 11. Ng5 Bf7 12. e3 $14) 11. a3 b5 (11...
Qb8 $6 12. Qc2 b5 13. e4 $13 {Haakert-Mehler/BL/1981}) 12. Qc2 (12. cxb5 cxb5
13. Rc1 Qb6 14. Rc2 f6 15. Qb1 e5 16. e4 d4 17. Rcc1 Bf7 $17 {
Rubinetti-Chernin/Buenos Aires/1992}) 12... Qb6 13. e4 dxc4 14. dxc4 b4 15. a4
Bc5 $132) (10. Qe1 a5 (10... e5 11. e4 Bxf3 12. Bxf3 f5 13. exf5 Nxf5 14. Bg2
Bc5 $132 {Vadasz-Tompa/Budapest/1972}) (10... Qa5 $6 11. a3 Rad8 12. e4 Bxf3
13. Nxf3 Qxe1 14. Rfxe1 dxe4 15. dxe4 $14 {Schmidt-Hennings/DDR-Polen/1973}) (
10... Rc8 $6 11. e4 Bb8 12. Nh4 Ng6 13. Nxg6 Bxg6 14. f4 $14 {Anton-Mathe/2.
ICCF-Pokal/1982}) 11. a4 (11. a3 Qb6 12. g4 Bg6 13. a4 Rfe8 14. e3 f6 15. Kh1
Bf7 $13 {Grigorian-Bagirov/URS-ch/1977}) (11. e4 a4 12. Rb1 axb3 13. axb3 Ra2
14. Nd4 Be5 15. c3 c5 16. Ne2 Bxe2 17. Qxe2 d4 18. c4 Bd6 $13 {Karasev-Ivanov/
URS/1974}) 11... b5 12. e4 bxa4 13. Rxa4 c5 14. Nh4 Nb6 {Portisch-Smyslov/
Hastings/1970} 15. e5 $1 Bc7 16. Ra1 Ng6 17. Nxg6 Bxg6 18. f4 $14) 10... c5 (
10... Rc8 11. Qe1 c5 12. Nh4 Qb6 $6 13. Qe3 Rfe8 $2 14. Qg5 $18 {
Portisch-Ivkov/Amsterdam/1969}) (10... a5 11. a3 b5 12. g4 Bg6 13. e5 Bc7 14.
Qe2 c5 $132 {Kengis-Smagin/URS/1988}) (10... Ne5 11. g4 Nxf3+ 12. Qxf3 Bg6 13.
h4 h6 14. h5 $14) (10... Be5 11. Qc1 Bxb2 12. Qxb2 dxe4 13. dxe4 Qc7 14. Nc4 f6
15. Nd4 $14 {Panchenko-Sopur/Katowice op/1992}) (10... Qc7 11. Qe1 {->8.e4})
11. Qe1 Nc6 12. Nh2 Nd4 13. Bxd4 cxd4 14. exd5 exd5 15. Bxd5 $16 {
Ljubojevic-Van der Wiel/Amsterdam/1991}) 10. c4 $146 (10. Qe1 e5 11. e4 d4 $1
$13 (11... O-O $2 12. d4 $1 exd4 13. exd5 Bb4 14. Nxd4 Re8 {Schmidt-Marszalek/
Polen/1973} 15. Qc1 Nxd5 16. c4 $16)) 10... O-O 11. e4 Re8 $6 (11... a5 $5 12.
a3 b5) 12. d4 Bb4 $6 13. Qc2 Bg6 14. a3 Bd6 (14... Bxd2 15. Nxd2 Rc8 $14) 15.
Nh4 $16 Bf7 16. f4 dxe4 17. Nxe4 (17. Bxe4) 17... Bc7 18. Rad1 Nf8 19. Rfe1 Bb6
20. Kh2 (20. Kh1 $5) 20... Rc8 21. Nc5 (21. b4 $16) 21... Bxc5 22. dxc5 Qc7 23.
b4 Rcd8 24. Re3 Rxd1 25. Qxd1 Rd8 26. Rd3 Rxd3 27. Qxd3 Qd7 28. Qd6 Nc8 29. Qd4
Qxd4 30. Bxd4 Nd7 31. Nf3 Ne7 32. g4 (32. Nd2 Nf5 33. Bf2 e5) 32... Ng6 33. Be3
e5 34. f5 Ne7 35. Nd2 g6 36. Be4 Kf8 37. Kg3 Ke8 38. Kf2 gxf5 39. gxf5 Kd8 (
39... Bh5) 40. Ke2 Bh5+ 41. Kd3 Kc7 42. Nf1 Bf7 43. Bf2 Be8 44. Ne3 a5 45. Ng4
axb4 46. axb4 Bf7 47. Bg3 Kd8 (47... Bh5 $2 48. Nxf6 Nxf6 49. Bxe5+ $18) 48.
Kc3 (48. Bh4 Ng8) (48. Nh6) 48... Ke8 49. Bh4 Ng8 50. Bd3 Ke7 51. Bf2 Kf8 52.
b5 Ne7 53. Kb4 Kg7 54. Be4 Be8 55. Be3 (55. bxc6 Nxc6+ 56. Bxc6 bxc6 57. Ka5
Bf7 58. Ne3 Nxc5 59. Kb6 Nd3 60. Bh4 c5) 55... Bf7 56. Bh6+ Kg8 57. Ne3 Kh8 58.
Nc2 (58. Nd1 {/\ Nc3-a4-b6}) 58... Bh5 59. Ne1 (59. Na1 Bd1) 59... Be2 60. Nc2
Bf1 61. h4 Kg8 62. Bd2 (62. Na1 {/\ Nb3-a5} Bh3 63. Nb3 Bxf5) 62... Kf7 63. Ne3
Be2 64. Bc1 Ke8 65. Ba3 Kd8 66. Ka4 (66. Ka5 Kc7) 66... Kc7 67. Bb4 Kc8 68. Ka5
Kc7 69. Ba3 Kc8 70. Kb4 Kb8 71. Bc1 Kc7 72. Bd2 Kd8 73. Be1 Kc7 74. Bf2 Nc8 75.
Bc2 Bf3 76. Nf1 Ne7 77. Ng3 Kd8 78. Kc3 Kc7 79. Be3 cxb5 $4 80. cxb5 Nd5+ 81.
Kd2 Nxe3 82. Kxe3 Bg2 83. b6+ Kc8 (83... Kc6 84. Be4+ Bxe4 85. Nxe4 Nxc5 (85...
Kd5 86. Kd3 Kc6 87. Kc4) 86. Nxf6 Kxb6 87. Nxh7 $18) 84. Ne4 Kb8 (84... Bxe4
85. Kxe4 Nxc5+ 86. Kd5 Nd7 87. Ke6 Nxb6 88. Kxf6 Nd7+ 89. Ke7 h6 (89... b5 90.
Bb3 $18) 90. Ba4 $18) 85. Ba4 Nf8 86. Nd6 $4 (86. Nxf6 $18) 86... Bh3 87. Kf3
Bf1 88. Ke3 Bh3 89. c6 (89. Bb5 Bg2 90. Kf2 Bd5 91. Kg3 Bb3) 89... bxc6 90.
Bxc6 Bf1 91. Ne8 Bh3 92. Nc7 Bf1 (92... Bxf5 $4 93. Na6+ Kc8 94. b7+ $18) 93.
Nd5 $4 (93. Ne6 $18) 93... Bg2 94. h5 h6 95. Ne7 Bxc6 96. Nxc6+ Kb7 97. Ne7
Kxb6 98. Ng8 (98. Ng8 Nh7 99. Nxh6 Kc6 $10) 1-0

[Event "Ter Apel"]
[Site "Ter Apel"]
[Date "1992.??.??"]
[Round "2"]
[White "Vaganian, Rafael A"]
[Black "Adams, Michael"]
[Result "1-0"]
[WhiteElo "2590"]
[BlackElo "2620"]
[Annotator "Horn,Pe"]
[PlyCount "63"]
[EventDate "1992.03.??"]
[EventType "tourn"]
[EventRounds "5"]
[EventCountry "NED"]
[EventCategory "14"]
[SourceTitle "CBM 030"]
[Source "ChessBase"]
[SourceDate "1992.10.01"]
[SourceVersion "1"]
[SourceVersionDate "1992.10.01"]
[SourceQuality "1"]

1. Nf3 Nf6 2. g3 d5 3. Bg2 c6 4. O-O Bg4 5. d3 Nbd7 6. Nbd2 e5 7. e4 dxe4 8.
dxe4 Bc5 9. a4 {Hier neu, aber in ähnlicher Form üblich} (9. Qe1) (9. c3) (9.
h3) (9. Qe2) 9... O-O (9... a5 10. h3 (10. Qe1) 10... Bh5 11. c3 {/\ Qc2
Vaganian}) 10. h3 Bh5 (10... Bxf3 11. Bxf3 $14) 11. a5 $5 Qc7 12. Qe2 b5 $6 (
12... Rfe8 $5) 13. Nb3 Be7 14. g4 Bg6 15. Nh4 Nc5 (15... Bxe4 $2 16. Bxe4 Nxe4
17. Qxe4 Bxh4 18. g5 $18) 16. Nf5 (16. Nxc5 $2 Bxc5 $15) 16... Ne6 {><f4} (
16... Nxb3 17. cxb3 a6 18. Be3 $16) 17. Be3 Rab8 (17... Rfe8) (17... Nf4) 18.
c4 $1 Rfe8 (18... bxc4 19. Qxc4 Rb4 20. Qxc6 Bxf5 21. exf5 Qxc6 22. Bxc6 Nd8
23. Ba4 $18 {Vaganian}) (18... Rfd8 $1 {Vaganian}) 19. Rfc1 $1 $16 b4 20. c5
Bf8 21. Qc4 Red8 22. Rd1 h5 23. g5 Nd5 24. exd5 cxd5 25. Rxd5 Rxd5 $2 (25...
Bxf5 $16) 26. Nh4 $18 Rxc5 (26... Rdd8 27. Nxg6 fxg6 28. Qxe6+ $18) 27. Nxc5
Bxc5 28. Nxg6 Qd6 29. Bxc5 Nxc5 30. Qd5 Qxd5 31. Bxd5 Rd8 32. Rd1 1-0

[Event "Las Palmas"]
[Site "Las Palmas"]
[Date "1993.??.??"]
[Round "7"]
[White "Adams, Michael"]
[Black "Anand, Viswanathan"]
[Result "1/2-1/2"]
[WhiteElo "2630"]
[BlackElo "2710"]
[Annotator "Horn,Pe"]
[PlyCount "44"]
[EventDate "1993.06.??"]
[EventType "tourn"]
[EventRounds "9"]
[EventCountry "ESP"]
[EventCategory "16"]
[SourceTitle "CBM 036"]
[Source "ChessBase"]
[SourceDate "1993.10.01"]
[SourceVersion "1"]
[SourceVersionDate "1993.10.01"]
[SourceQuality "1"]

1. b3 d5 2. Bb2 Bg4 3. g3 c6 4. Bg2 Nd7 5. h3 $5 Bh5 6. Nf3 Ngf6 7. O-O e6 8.
d3 Bc5 9. Nbd2 O-O 10. e4 a5 {A normal reaction without h3/Bh5 would be dxe4
dxe4 e5, which is not available here.} 11. e5 $146 (11. a4 Ne8 12. Qe1 Nc7 13.
e5 b5 14. Nd4 Ra6 15. Kh1 bxa4 16. bxa4 Bg6 17. Qe2 Re8 $13 {Sisniega-McNab/
Novi Sad ol/1990}) 11... Ne8 12. a4 Nc7 13. Qe2 (13. Qe1 $5 b5 14. Nd4 {
->Sisniega-McNab}) 13... b5 14. g4 Bg6 15. Nd4 bxa4 $5 (15... Ra6) 16. bxa4 (
16. Nxc6 $2 Qe8 17. bxa4 (17. Rxa4 $4 Nb6 $19) 17... Nb6 18. Nd4 Nxa4) 16...
Bxd4 $5 17. Bxd4 c5 18. Bb2 Rb8 19. Nb3 (19. Ba3 $5 {/\ f4}) 19... Bxd3 20.
Qxd3 c4 21. Qe3 cxb3 22. cxb3 Na6 (22... Na6 23. Bd4 Qe7 24. Rfc1 $14) 1/2-1/2

[Event "San Martin"]
[Site "San Martin"]
[Date "1994.??.??"]
[Round "3"]
[White "Fiorito, Fabian"]
[Black "Sorin, Ariel"]
[Result "1-0"]
[WhiteElo "2455"]
[BlackElo "2470"]
[Annotator "Horn,Pe"]
[PlyCount "127"]
[EventDate "1994.04.??"]
[EventType "tourn"]
[EventRounds "11"]
[EventCountry "ARG"]
[EventCategory "9"]
[SourceTitle "CBM 042"]
[Source "ChessBase"]
[SourceDate "1994.10.01"]
[SourceVersion "1"]
[SourceVersionDate "1994.10.01"]
[SourceQuality "1"]

1. Nf3 Nf6 2. g3 g6 3. Bg2 Bg7 4. O-O O-O 5. d3 d5 6. Nbd2 Nc6 7. e4 e5 8. c3
a5 9. a4 h6 10. Re1 dxe4 (10... Re8 $1) 11. dxe4 Be6 12. Bf1 Nd7 13. b3 $5 {
/^a3-f8} Re8 (13... Qe7 $2 14. Ba3 Nc5 15. b4 axb4 16. cxb4 Nxa4 17. b5 Nb4 (
17... Nc3 18. Bxe7 Nxd1 19. Rxa8 Rxa8 20. bxc6 $18) 18. Qb1 $18) 14. Qc2 Qf6 $6
15. Kg2 Nb6 16. Be2 Bf8 17. Nf1 Kh7 18. Ne3 Qg7 19. h4 f6 $2 (19... h5 $6 20.
Ng5+) (19... Be7) 20. h5 $16 g5 21. Nh2 {><d5,f5,g4} Qf7 22. Rb1 Bc5 23. Bg4
Bxe3 24. Bxe3 Bxg4 25. Nxg4 Kg7 (25... Qxh5 $4 26. Nxf6+ $18) 26. Qe2 Nc8 (
26... Qxh5 27. Rh1 Qf7 28. Rxh6) 27. f4 exf4 28. gxf4 Nd6 (28... Rxe4 29. fxg5
(29. Nxh6 Kxh6 30. fxg5+ fxg5 (30... Kg7 31. Qf3) 31. Bxg5+ Kxg5 32. Qxe4)
29... hxg5 30. h6+ Kg8 31. Qf3 f5 32. h7+ Kxh7 33. Rh1+ Kg7 34. Nh6) 29. e5
gxf4 (29... fxe5 30. fxg5) 30. Bxf4 fxe5 31. Bxh6+ Kh8 32. Rf1 Qh7 33. Bg5 Qe4+
34. Qxe4 Nxe4 35. Bf6+ Nxf6 36. Rxf6 Rf8 37. Rbf1 Rxf6 38. Rxf6 Kg7 39. Kf3 Rd8
40. h6+ Kh7 41. Ke4 Kg8 42. Kf5 Rd3 43. Rg6+ Kf8 44. h7 Ne7+ 45. Ke4 Rh3 46.
Rh6 Rxh6 47. Nxh6 Ng6 (47... Kg7 48. Nf5+ Nxf5 49. Kxf5 Kxh7 50. Kxe5 Kg7 51.
Ke6 $18) 48. Nf5 Kf7 49. Nh4 Nh8 50. Kxe5 Kg7 51. Ke6 Kxh7 52. Kd7 c6 53. Kc7
b5 54. Kxc6 bxa4 55. bxa4 Kg7 56. Kb6 Kf6 57. Kxa5 Ke5 58. Kb5 Nf7 59. a5 Nd6+
60. Kc6 Nc8 61. a6 Ke4 62. Kc7 Na7 63. c4 Kd4 64. Kb7 1-0